Guess the Song Lyrics - Statistics

General Stats
  • This quiz has been taken 3,940 times
  • The average score is 17 of 80
Answer Stats
Answer % Correct
I
96%
the
85%
you
85%
love
72%
an
71%
we
64%
and
60%
be
60%
to
60%
do
54%
in
51%
it
48%
your
46%
am
45%
my
39%
of
37%
that
34%
where
32%
if
30%
like
30%
was
29%
all
28%
us
28%
but
27%
how
27%
this
26%
were
26%
with
23%
at
22%
as
20%
been
18%
our
17%
feel
16%
from
16%
here
16%
up
16%
down
14%
or
14%
does
13%
gonna
12%
oh
12%
eyes
10%
over
9%
about
8%
nothing
8%
you've
8%
before
7%
close
7%
away
6%
left
6%
city
5%
clouds
5%
days
5%
great
5%
lost
5%
own
5%
above
4%
almost
4%
changed
4%
fell
4%
many
4%
show
4%
around
3%
begin
3%
darkness
3%
devices
3%
kept
3%
optimist
3%
tumbling
3%
walls
3%
bringing
2%
hills
2%
roll
2%
caught
1%
rubble
1%
sins
1%
vices
1%
dust
0%
pose
0%
settled
0%
No matching quizzes found
Score Distribution
Percent of People with Each Score
Percentile by Number Answered
Your Score History
You have not taken this quiz